A handbook on ict set-up and security

Bibliographic Details
Main Author: HATTA Mohd Yusoff
Format: Book
Published: Kuala Lumpur : Utusan Pub. , 2003
Subjects:

MARC

LEADER 00000cam a2200000 7i4500
001 0000002693
005 20031030.0
020 0 0 |a 9676114871 
090 0 0 |a 005.8   |b HAT 2003 
100 0 0 |a HATTA Mohd Yusoff 
245 1 2 |a A handbook on ict set-up and security   |c Hatta Mohd Yusoff 
260 0 0 |a Kuala Lumpur :   |b Utusan Pub. ,   |c 2003 
300 |a vi, 111 p. ;   |c 22 cm. 
650 0 0 |a Computer networks   |x Security measures   |x Handbooks, manuals, etc. 
650 0 0 |a Computer security   |x Handbooks, manuals, etc. 
650 0 0 |a Computer   |x Access control   |x Handbooks, manuals, etc. 
998 |a JPSM 
999 |a 0000004726   |b Monograph   |c Open Shelf   |e Default branch